000 00390nam a22001577a 4500
003 OSt
005 20240930104601.0
008 240930b |||||||| |||| 00| 0 eng d
020 _a9354977197
040 _c
082 _23
_a005.133"C"
_bTHE
245 _aDatastructures Using C
_cTheraja,Reema
_hEnglish
250 _a3
260 _bOxford
_c2014
942 _2ddc
_cBK
_e3
_k005.133"C"
_mTHE
_n0
999 _c36083
_d36083